000 00684nam a2200205Ia 4500
999 _c4927
_d4927
003 OSt
005 20200403132634.0
008 191128s1972 nyu gr 000 0 spa d
040 _aCO-JMCR
_cCO-JMCR
041 1 _aspa
_heng
082 0 4 _a155.0287 /
_bS139a
100 1 _aSchawarz, Paul A.,
_eautor
_92487
245 1 0 _aAbility testing in developing countries :
_ba handbook of principles and techniques /
_cPaul A. Schawarz, Robert E. Krug
260 _aNew York :
_bPraeger Publishers,
_c1972
300 _a244 páginas ;
_c23 cm
650 1 4 _aExámenes
_xpsicología
_92488
650 2 4 _aPruebas psicológicas
_92483
700 1 _aKrug, Robert E.
_eautor
_92489
942 _2ddc
_cBK